000 00380nam a2200133Ia 4500
008 211119s9999||||xx |||||||||||||| ||und||
082 _a894.8124
_bCHA-T
100 _aCharuniveditha,
245 0 _aThapputhalangal
260 _bMathrubhoomi Books
_aKottayam
_c2006
300 _a176p
650 _aLiterature
_vmalayalam literatureEconomics
_xPGR-GANDHIAN STUDIES
942 _cBOOK
999 _c107752
_d107752